000 01336cam a22002771i 4500
003 SA-RiAUC
005 20250521052023.0
008 250520s2010 le g b 00010 ara c
040 _aSA-JeALM
_bara
_cSA-RiAUC.
_erda
082 0 4 _a252.3
090 _a252.3
_bا ب ن ح
100 1 _aابن حجر العسقلاني، أحمد بن علي بن محمد،
_d773-852 هجري
_eمؤلف.
245 1 0 _aنزهة الناظر والسامع في طرق حديث الصائم المجامع /
_cأحمد بن علي بن حجر العسقلاني ؛ حققه وعلق عليه وقدم له فريد بن محمد فويلة بدراسة عنوانها التبيان لأحكام الواطئ في نهار رمضان
250 _aالطبعة الأولى.
264 1 _aبيروت :
_bدار البشائر الإسلامية،
_c2010
300 _a256 صفحة ؛
_c24 سم.
336 _aنص
_btxt
_2rdacontent
_3كتاب
337 _aبدون وسيط
_bn
_2rdamedia
338 _aمجلد
_bnc
_2rdacarrier
490 0 _aسلسلة دفائن الخزائن ؛
_v21
504 _aيشتمل على إرجاعات ببليوجرافية.
650 7 _aالصوم (فقه إسلامي)
_2aucsh
700 1 _aفويلة، فريد بن محمد
_eمحقق.
942 _2ddc
_cBOOK
_n0
949 _aSA-JeALM
_d250520
_uosman123
_n1
999 _c8170
_d8170